<?xml version="1.0" encoding="UTF-8"?>
<collection xmlns="http://www.loc.gov/MARC21/slim">
 <record>
  <leader>00492nam a22001575a 4500</leader>
  <controlfield tag="001">EHU.bham016103</controlfield>
  <controlfield tag="003">AR-BHAM</controlfield>
  <controlfield tag="005">20100427152748.0</controlfield>
  <controlfield tag="008">130507s1942##################000#0#####d</controlfield>
  <datafield tag="082" ind1="1" ind2="1">
   <subfield code="a">117.4</subfield>
  </datafield>
  <datafield tag="100" ind1="1" ind2=" ">
   <subfield code="a">Bachelard, Gaston</subfield>
  </datafield>
  <datafield tag="245" ind1="1" ind2="0">
   <subfield code="a">L'eau et les reves, essai sur l'imagination de la matiere /</subfield>
   <subfield code="c">Gaston Bachelard</subfield>
  </datafield>
  <datafield tag="260" ind1=" " ind2=" ">
   <subfield code="a">Paris :</subfield>
   <subfield code="b">Jose Corti,</subfield>
   <subfield code="c">1942</subfield>
  </datafield>
  <datafield tag="300" ind1=" " ind2=" ">
   <subfield code="a">262p.</subfield>
  </datafield>
  <datafield tag="653" ind1=" " ind2=" ">
   <subfield code="a">Materia y forma</subfield>
  </datafield>
  <datafield tag="859" ind1=" " ind2=" ">
   <subfield code="a">AR-BHAM</subfield>
   <subfield code="b">BIB. HUMANIDADES - Arturo Marasso</subfield>
   <subfield code="h">117.4</subfield>
   <subfield code="i">B123</subfield>
   <subfield code="p">3134.57</subfield>
   <subfield code="t">Ej.1</subfield>
   <subfield code="v">M</subfield>
  </datafield>
 </record>
</collection>
